=LDR 00000nam 2200000 4500 =001 INLIS000000000057559 =005 20210325092527 =035 ##$$a 0010-0221000062 =007 ta =008 210325################g##########0#ind## =082 ##$$a 338.456 =084 ##$$a 338.456 PRO =245 ##$$a Produksi industri pesawat terbang nusantara untuk pembangunan bangsa =250 ##$$a cet.1 =260 ##$$a Jakarta :$b Biro Hukum dan Humas BPPT & IPTN,$c 1986 =300 ##$$a ix, 95 hlm ; $c 22 x 14 cm =600 #4$$a IPTN =990 ##$$a 3198800039